<?xml version="1.0" encoding="UTF-8"?>
<record
    xmlns:xsi="http://www.w3.org/2001/XMLSchema-instance"
    xsi:schemaLocation="http://www.loc.gov/MARC21/slim http://www.loc.gov/standards/marcxml/schema/MARC21slim.xsd"
    xmlns="http://www.loc.gov/MARC21/slim">

  <leader>00535nam a22002057a 4500</leader>
  <controlfield tag="005">20260603130933.0</controlfield>
  <controlfield tag="008">260603b        |||||||| |||| 00| 0 eng d</controlfield>
  <datafield tag="020" ind1=" " ind2=" ">
    <subfield code="a">9789354243226</subfield>
    <subfield code="c">969.00</subfield>
  </datafield>
  <datafield tag="040" ind1=" " ind2=" ">
    <subfield code="a">MAIN</subfield>
  </datafield>
  <datafield tag="041" ind1=" " ind2=" ">
    <subfield code="a">English</subfield>
  </datafield>
  <datafield tag="082" ind1=" " ind2=" ">
    <subfield code="a">621.38152</subfield>
    <subfield code="b">SZE</subfield>
  </datafield>
  <datafield tag="100" ind1=" " ind2=" ">
    <subfield code="a">Sze, Simon</subfield>
    <subfield code="9">26999</subfield>
  </datafield>
  <datafield tag="245" ind1=" " ind2=" ">
    <subfield code="a">Semiconductor Physics and Devices</subfield>
    <subfield code="b">: An Indian Adaptation</subfield>
  </datafield>
  <datafield tag="250" ind1=" " ind2=" ">
    <subfield code="a">3rd</subfield>
  </datafield>
  <datafield tag="260" ind1=" " ind2=" ">
    <subfield code="a">New Delhi</subfield>
    <subfield code="b">Wiley</subfield>
    <subfield code="c">2021</subfield>
  </datafield>
  <datafield tag="300" ind1=" " ind2=" ">
    <subfield code="a">581</subfield>
  </datafield>
  <datafield tag="650" ind1=" " ind2=" ">
    <subfield code="a">Physics (PM USHA</subfield>
    <subfield code="9">26699</subfield>
  </datafield>
  <datafield tag="700" ind1=" " ind2=" ">
    <subfield code="a">Lee, Ming Kwei</subfield>
    <subfield code="9">27000</subfield>
  </datafield>
  <datafield tag="942" ind1=" " ind2=" ">
    <subfield code="c">BK</subfield>
  </datafield>
  <datafield tag="999" ind1=" " ind2=" ">
    <subfield code="c">60977</subfield>
    <subfield code="d">60977</subfield>
  </datafield>
  <datafield tag="952" ind1=" " ind2=" ">
    <subfield code="0">0</subfield>
    <subfield code="1">0</subfield>
    <subfield code="2">ddc</subfield>
    <subfield code="4">0</subfield>
    <subfield code="6">621_381520000000000_SZE</subfield>
    <subfield code="7">0</subfield>
    <subfield code="9">94282</subfield>
    <subfield code="a">MAIN</subfield>
    <subfield code="b">MAIN</subfield>
    <subfield code="d">2026-06-03</subfield>
    <subfield code="l">0</subfield>
    <subfield code="o">621.38152 SZE</subfield>
    <subfield code="p">33283</subfield>
    <subfield code="r">2026-06-03</subfield>
    <subfield code="w">2026-06-03</subfield>
    <subfield code="y">BK</subfield>
  </datafield>
  <datafield tag="952" ind1=" " ind2=" ">
    <subfield code="0">0</subfield>
    <subfield code="1">0</subfield>
    <subfield code="2">ddc</subfield>
    <subfield code="4">0</subfield>
    <subfield code="6">621_381520000000000_SZE</subfield>
    <subfield code="7">0</subfield>
    <subfield code="9">94283</subfield>
    <subfield code="a">MAIN</subfield>
    <subfield code="b">MAIN</subfield>
    <subfield code="d">2026-06-03</subfield>
    <subfield code="l">0</subfield>
    <subfield code="o">621.38152 SZE</subfield>
    <subfield code="p">33284</subfield>
    <subfield code="r">2026-06-03</subfield>
    <subfield code="w">2026-06-03</subfield>
    <subfield code="y">BK</subfield>
  </datafield>
  <datafield tag="952" ind1=" " ind2=" ">
    <subfield code="0">0</subfield>
    <subfield code="1">0</subfield>
    <subfield code="2">ddc</subfield>
    <subfield code="4">0</subfield>
    <subfield code="6">621_381520000000000_SZE</subfield>
    <subfield code="7">0</subfield>
    <subfield code="9">94284</subfield>
    <subfield code="a">MAIN</subfield>
    <subfield code="b">MAIN</subfield>
    <subfield code="d">2026-06-03</subfield>
    <subfield code="l">0</subfield>
    <subfield code="o">621.38152 SZE</subfield>
    <subfield code="p">33285</subfield>
    <subfield code="r">2026-06-03</subfield>
    <subfield code="w">2026-06-03</subfield>
    <subfield code="y">BK</subfield>
  </datafield>
</record>
